Del «yo haré» al «yo hago»: Trayectoria de la motilidad en personas gordas que han adelgazado (notice n° 1613079)

détails MARC
000 -LEADER
fixed length control field 01960cam a2200157 4500500
005 - DATE AND TIME OF LATEST TRANSACTION
control field 20260111045235.0
041 ## - LANGUAGE CODE
Language code of text/sound track or separate title fre
042 ## - AUTHENTICATION CODE
Authentication code dc
100 10 - MAIN ENTRY--PERSONAL NAME
Personal name Altman-Morant, Charlotte
Relator term author
245 00 - TITLE STATEMENT
Title Del «yo haré» al «yo hago»: Trayectoria de la motilidad en personas gordas que han adelgazado
260 ## - PUBLICATION, DISTRIBUTION, ETC.
Date of publication, distribution, etc. 2025.<br/>
500 ## - GENERAL NOTE
General note 43
520 ## - SUMMARY, ETC.
Summary, etc. El aumento del sedentarismo, la moralización de la actividad física y el mayor recurso a la cirugía bariátrica constituyen el contexto en el que se inscribe esta investigación dedicada a la motilidad de las personas gordas. Con el fin de analizar cómo la pérdida de peso inducida médicamente afecta al esquema corporal, este artículo sitúa la motilidad (entendida como la capacidad de moverse, así como las posibilidades y las condiciones de este desplazamiento), en su contexto teórico en las ciencias sociales. A partir de una encuesta cualitativa realizada en Marsella que combinó entrevistas y observación participante, el estudio muestra que la pérdida de peso modifica la relación con el cuerpo sin que el esquema corporal se ajuste de inmediato. Las personas gordas que fueron encuestadas suelen seguir moviéndose como si su cuerpo fuera el mismo que tenían antes de la operación, lo que revela una discrepancia entre el cuerpo y su percepción. Siguen empleando estrategias de adaptación y anticipación frente a su entorno, sus actividades y los demás, lo que demuestra que, antes de la cirugía, su motilidad era a la vez limitada y proyectada. La movilidad recuperada tras la intervención y su integración en el esquema corporal terminan por inscribirse en un horizonte normativo en el que se valora el rendimiento: el «yo haré» anteriormente proyectado se convierte en un «yo hago» ahora encarnado.
786 0# - DATA SOURCE ENTRY
Note Staps | 153 | 5 | 2025-12-09 | p. 35-56 | 0247-106X
856 41 - ELECTRONIC LOCATION AND ACCESS
Uniform Resource Identifier <a href="https://shs.cairn.info/revista-staps-2025-5-page-35?lang=es&redirect-ssocas=7080">https://shs.cairn.info/revista-staps-2025-5-page-35?lang=es&redirect-ssocas=7080</a>

Pas d'exemplaire disponible.

PLUDOC

PLUDOC est la plateforme unique et centralisée de gestion des bibliothèques physiques et numériques de Guinée administré par le CEDUST. Elle est la plus grande base de données de ressources documentaires pour les Étudiants, Enseignants chercheurs et Chercheurs de Guinée.

Adresse

627 919 101/664 919 101

25 boulevard du commerce
Kaloum, Conakry, Guinée

Réseaux sociaux

Powered by Netsen Group @ 2025